000 01137nam a22003017a 4500
001 BR7000475
003 BR-BrBNA
005 20230928083606.0
007 ta
008 230509b bl.||||| |||| 00| 0 por d
040 _aBR-BrBNA
_bpor
_cBiblioteca Nacional de Agricultura
041 _a(Por)
072 _aE30; E50; D10
_b/G514
090 _ E30 BR7000475
110 1 _aServico Federal de Habitacao e Urbanismo, Rio de Janeiro, GB (Brasil)
_99342
245 1 _aRelatorio preliminar de desenvolvimento integrado do municipio de Itaituba - Para [Desenvolvimento social; Desenvolvimento economico; Administracao publica; Brasil]
260 3 _aRio de Janeiro, GB (Brasil):
_c1970.
300 _a105 p.
500 _a10 illus.; 10 tables; 37 ref.; Map, in portfolio, scale 1:1,000,000; 7 Maps, in portfolio, scale 1:4,000; Map, in portfolio, scale 1:10,000,000
650 _aPolitica de desenvolvimento
650 _aSociologia rural
650 _aAdministracao publica
650 _aDesenvolvimento social
650 _aDesenvolvimento economico
650 _aPara
909 _a202309
_bLucia
_c55
_dLucia Elande
942 _cBK
999 _c14356
_d14356